| 000 | 00554nam a22001817a 4500 | ||
|---|---|---|---|
| 999 |
_c4567 _d4567 |
||
| 003 | GBCCL | ||
| 005 | 20241126110521.0 | ||
| 008 | 180124b xxu||||| |||| 00| 0 eng d | ||
| 020 | _a0851512275 | ||
| 040 | _cgbc | ||
| 082 |
_a227.8107 _bWIL |
||
| 100 |
_aWilson, Geoffrey B. _98444 |
||
| 245 |
_a1 and 2 Thessalonians: _bA Digest of Reformed Comment / _cGeoffrey B. Wilson |
||
| 260 |
_bThe Banner of Truth Trust, _aPennsylvania: _c1975 |
||
| 300 |
_a124 p.; _c20 cm. |
||
| 650 |
_aBible _vN.T. _v1 & 2 Thessalonians _xCommentary _98445 |
||
| 942 |
_2ddc _cBK _02 |
||